Les personnes de Stargate SG-1 - Statistiques

Statistiques générales
  • Ce quiz a été pris 158 fois
  • Le résultat moyen est 8 sur 11
Statistiques - réponses
Par images Réponse % Correct
Daniel Jackson
94%
Samantha Carter
94%
Teal'c
89%
Ba'al
85%
Apophis
84%
Anubis
83%
George Hammond
83%
Jack O'neill
81%
Bra'tac
80%
Jonas Quinn
51%
Janet Fraisier
18%
Aucun quiz correspondant
Distribution des résultats
% des personnes avec chaque résultat
Percentile par nombre de réponses
Votre historique - résultats
Vous n’avez pas pris ce quiz